Quizzes
Events
Quiz Creation
Community
Videos
Private Events
Remove Ads
Sign In
Join for FREE
Feedback
Dark Mode
Quiz Categories
Sports
Geography
Music
Movies
Television
Just For Fun
Miscellaneous
History
Literature
Language
Science
Gaming
Entertainment
Religion
Holiday
For Kids
Quiz Lab
Recent
Popular Today
Quiz Kudos Today
Editor Picks
Curator Picks
Quizzes by...
Day
Popularity
Type
Ratings
Length
Year
Community
Subscriptions
Recent Discussions
Orange Saloon
Badges
Playlists
Quests
Create
Leaderboards
Showdown
Live 5
Trivia Bingo
Activity
Puzzle Library
Sporcle Events
Private Events
Virtual Trivia
Globe League
Become a Host
Pub Owners
SporcleCon
Opinionation
Our Games
Videos
Blog
Mobile Apps
Partnerships
Remove Ads and Go Orange
Feedback
Sports
Athletes
MLB
NBA
NHL
NFL
Soccer
Sports Teams
WWE
NCAA
Football
Premier League
Basketball
Baseball
Hockey
Golf
Tennis
Cricket
Rugby
Auto Racing
Olympics
World Cup
Sports
Athletes
MLB
NBA
NHL
NFL
Soccer
Sports Teams
WWE
NCAA
Football
Premier League
Basketball
Baseball
Hockey
Golf
Tennis
Cricket
Rugby
Auto Racing
Olympics
World Cup
Random Quiz
Search Sporcle
×
Quiz Lab
Quiz Lab
Sports
World
Type in answers that appear in a list
Type in answers that appear in a list
Classic
Best Score? Go Orange.
AUSTRALIA PLAYERS 2014 WORLD CUP QUALIFYING Stats
Can you name the AUSTRALIA PLAYERS 2014 WORLD CUP QUALIFYING
By
stmookeyj
10m
193 Questions
16 Plays
16 Plays
16 Plays
Comments
Comments
Give Quiz Kudos
Give Quiz Kudos
-
- Ratings
hide this ad
More Info
Replay
Link that replays current quiz
Next Quiz
Link to next quiz in quiz playlist
You Got
0%
They Got
Avg Score
71%
Avg Friend Score
Upgrade to see
Score Distribution
Jump to the score distribution portion of the page
Score
0/193
Timer
10:00
0
Plays Today
MATCH
PLAYER
% Correct
2/
9/
2011 vs THAILAND (Brisbane, W 2-
1)
Mark SCHWARZER
100%
6/
9/
2011 vs SAUDI ARABIA (Dammam, W 3-
1)
Mark SCHWARZER
100%
11/
11/
2011 vs OMAN (Muscat, L 1-
0)
Mark SCHWARZER
100%
15/
11/
2011 vs THAILAND (Bangkok, W 1-
0)
Mark SCHWARZER
100%
29/
2/
2012 vs SAUDI ARABIA (Melbourne, W 4-
2)
Mark SCHWARZER
100%
8/
6/
2012 vs OMAN (Muscat, D 0-
0)
Mark SCHWARZER
100%
12/
6/
2012 vs JAPAN (Brisbane, D 1-
1)
Mark SCHWARZER
100%
11/
9/
2012 vs JORDAN (Amman, L 1-
2)
Mark SCHWARZER
100%
16/
10/
2012 vs IRAQ (Doha, W 2-
1)
Mark SCHWARZER
100%
26/
3/
2013 vs OMAN (Sydney, D 2-
2)
Mark SCHWARZER
100%
4/
6/
2013 vs JAPAN (Saitama, D 1-
1)
Mark SCHWARZER
100%
11/
6/
2013 vs JORDAN (Melbourne, W 4-
0)
Mark SCHWARZER
100%
18/
6/
2013 vs IRAQ (Sydney, W 1-
0)
Mark SCHWARZER
100%
2/
9/
2011 vs THAILAND (Brisbane, W 2-
1)
Tim CAHILL
93.8%
6/
9/
2011 vs SAUDI ARABIA (Dammam, W 3-
1)
Mile JEDINAK
93.8%
6/
9/
2011 vs SAUDI ARABIA (Dammam, W 3-
1)
Tim CAHILL [SUB]
93.8%
11/
10/
2011 vs OMAN (Sydney, W 3-
0)
Mile JEDINAK
93.8%
11/
11/
2011 vs OMAN (Muscat, L 1-
0)
Harry KEWELL
93.8%
11/
11/
2011 vs OMAN (Muscat, L 1-
0)
Mile JEDINAK
93.8%
15/
11/
2011 vs THAILAND (Bangkok, W 1-
0)
Mile JEDINAK
93.8%
29/
2/
2012 vs SAUDI ARABIA (Melbourne, W 4-
2)
Harry KEWELL
93.8%
8/
6/
2012 vs OMAN (Muscat, D 0-
0)
Harry KEWELL
93.8%
12/
6/
2012 vs JAPAN (Brisbane, D 1-
1)
Tim CAHILL
93.8%
11/
9/
2012 vs JORDAN (Amman, L 1-
2)
Tim CAHILL
93.8%
11/
9/
2012 vs JORDAN (Amman, L 1-
2)
Mile JEDINAK [SUB]
93.8%
16/
10/
2012 vs IRAQ (Doha, W 2-
1)
Tim CAHILL
93.8%
16/
10/
2012 vs IRAQ (Doha, W 2-
1)
Mile JEDINAK
93.8%
26/
3/
2013 vs OMAN (Sydney, D 2-
2)
Tim CAHILL
93.8%
26/
3/
2013 vs OMAN (Sydney, D 2-
2)
Mile JEDINAK
93.8%
4/
6/
2013 vs JAPAN (Saitama, D 1-
1)
Tim CAHILL
93.8%
11/
6/
2013 vs JORDAN (Melbourne, W 4-
0)
Tim CAHILL
93.8%
18/
6/
2013 vs IRAQ (Sydney, W 1-
0)
Tim CAHILL
93.8%
2/
9/
2011 vs THAILAND (Brisbane, W 2-
1)
Matthew SPIRANOVIC
87.5%
11/
10/
2011 vs OMAN (Sydney, W 3-
0)
Matthew SPIRANOVIC
87.5%
11/
11/
2011 vs OMAN (Muscat, L 1-
0)
Matthew SPIRANOVIC
87.5%
15/
11/
2011 vs THAILAND (Bangkok, W 1-
0)
Matthew SPIRANOVIC
87.5%
29/
2/
2012 vs SAUDI ARABIA (Melbourne, W 4-
2)
Matthew SPIRANOVIC
87.5%
11/
9/
2012 vs JORDAN (Amman, L 1-
2)
Matthew SPIRANOVIC [SUB]
87.5%
16/
10/
2012 vs IRAQ (Doha, W 2-
1)
Matthew SPIRANOVIC
87.5%
2/
9/
2011 vs THAILAND (Brisbane, W 2-
1)
Lucas NEILL
81.3%
6/
9/
2011 vs SAUDI ARABIA (Dammam, W 3-
1)
Lucas NEILL
81.3%
11/
10/
2011 vs OMAN (Sydney, W 3-
0)
Lucas NEILL
81.3%
11/
11/
2011 vs OMAN (Muscat, L 1-
0)
Lucas NEILL
81.3%
15/
11/
2011 vs THAILAND (Bangkok, W 1-
0)
Lucas NEILL
81.3%
29/
2/
2012 vs SAUDI ARABIA (Melbourne, W 4-
2)
Lucas NEILL
81.3%
29/
2/
2012 vs SAUDI ARABIA (Melbourne, W 4-
2)
Mark BRESCIANO
81.3%
8/
6/
2012 vs OMAN (Muscat, D 0-
0)
Lucas NEILL
81.3%
8/
6/
2012 vs OMAN (Muscat, D 0-
0)
Mark BRESCIANO
81.3%
12/
6/
2012 vs JAPAN (Brisbane, D 1-
1)
Lucas NEILL
81.3%
12/
6/
2012 vs JAPAN (Brisbane, D 1-
1)
Mark BRESCIANO
81.3%
11/
9/
2012 vs JORDAN (Amman, L 1-
2)
Lucas NEILL
81.3%
11/
9/
2012 vs JORDAN (Amman, L 1-
2)
Mark BRESCIANO
81.3%
16/
10/
2012 vs IRAQ (Doha, W 2-
1)
Lucas NEILL
81.3%
16/
10/
2012 vs IRAQ (Doha, W 2-
1)
Tommy OAR [SUB}
81.3%
26/
3/
2013 vs OMAN (Sydney, D 2-
2)
Mark BRESCIANO [SUB]
81.3%
26/
3/
2013 vs OMAN (Sydney, D 2-
2)
Tommy OAR [SUB]
81.3%
4/
6/
2013 vs JAPAN (Saitama, D 1-
1)
Lucas NEILL
81.3%
4/
6/
2013 vs JAPAN (Saitama, D 1-
1)
Tommy OAR
81.3%
4/
6/
2013 vs JAPAN (Saitama, D 1-
1)
Mark BRESCIANO
81.3%
11/
6/
2013 vs JORDAN (Melbourne, W 4-
0)
Lucas NEILL
81.3%
11/
6/
2013 vs JORDAN (Melbourne, W 4-
0)
Tommy OAR
81.3%
11/
6/
2013 vs JORDAN (Melbourne, W 4-
0)
Mark BRESCIANO
81.3%
18/
6/
2013 vs IRAQ (Sydney, W 1-
0)
Lucas NEILL
81.3%
18/
6/
2013 vs IRAQ (Sydney, W 1-
0)
Tommy OAR
81.3%
18/
6/
2013 vs IRAQ (Sydney, W 1-
0)
Mark BRESCIANO
81.3%
MATCH
PLAYER
% Correct
2/
9/
2011 vs THAILAND (Brisbane, W 2-
1)
Luke WILKSHIRE
75%
2/
9/
2011 vs THAILAND (Brisbane, W 2-
1)
Josh KENNEDY
75%
2/
9/
2011 vs THAILAND (Brisbane, W 2-
1)
Robbie KRUSE [SUB]
75%
6/
9/
2011 vs SAUDI ARABIA (Dammam, W 3-
1)
Luke WILKSHIRE
75%
6/
9/
2011 vs SAUDI ARABIA (Dammam, W 3-
1)
Josh KENNEDY
75%
6/
9/
2011 vs SAUDI ARABIA (Dammam, W 3-
1)
Robbie KRUSE [SUB]
75%
6/
9/
2011 vs SAUDI ARABIA (Dammam, W 3-
1)
Mark MILLIGAN [SUB]
75%
11/
10/
2011 vs OMAN (Sydney, W 3-
0)
Luke WILKSHIRE
75%
11/
10/
2011 vs OMAN (Sydney, W 3-
0)
Josh KENNEDY
75%
11/
10/
2011 vs OMAN (Sydney, W 3-
0)
Robbie KRUSE [SUB]
75%
11/
11/
2011 vs OMAN (Muscat, L 1-
0)
Luke WILKSHIRE
75%
11/
11/
2011 vs OMAN (Muscat, L 1-
0)
Josh KENNEDY
75%
11/
11/
2011 vs OMAN (Muscat, L 1-
0)
Robbie KRUSE [SUB]
75%
15/
11/
2011 vs THAILAND (Bangkok, W 1-
0)
Luke WILKSHIRE
75%
15/
11/
2011 vs THAILAND (Bangkok, W 1-
0)
Josh KENNEDY
75%
15/
11/
2011 vs THAILAND (Bangkok, W 1-
0)
Robbie KRUSE [SUB]
75%
29/
2/
2012 vs SAUDI ARABIA (Melbourne, W 4-
2)
Mark MILLIGAN
75%
29/
2/
2012 vs SAUDI ARABIA (Melbourne, W 4-
2)
Archie THOMPSON [SUB]
75%
8/
6/
2012 vs OMAN (Muscat, D 0-
0)
Luke WILKSHIRE
75%
8/
6/
2012 vs OMAN (Muscat, D 0-
0)
Archie THOMPSON [SUB]
75%
8/
6/
2012 vs OMAN (Muscat, D 0-
0)
Robbie KRUSE [SUB]
75%
12/
6/
2012 vs JAPAN (Brisbane, D 1-
1)
Luke WILKSHIRE
75%
12/
6/
2012 vs JAPAN (Brisbane, D 1-
1)
Mark MILLIGAN [SUB]
75%
12/
6/
2012 vs JAPAN (Brisbane, D 1-
1)
Robbie KRUSE [SUB]
75%
11/
9/
2012 vs JORDAN (Amman, L 1-
2)
Luke WILKSHIRE
75%
11/
9/
2012 vs JORDAN (Amman, L 1-
2)
Robbie KRUSE
75%
11/
9/
2012 vs JORDAN (Amman, L 1-
2)
Archie THOMPSON [SUB]
75%
16/
10/
2012 vs IRAQ (Doha, W 2-
1)
Luke WILKSHIRE
75%
16/
10/
2012 vs IRAQ (Doha, W 2-
1)
Robbie KRUSE
75%
16/
10/
2012 vs IRAQ (Doha, W 2-
1)
Archie THOMPSON [SUB]
75%
26/
3/
2013 vs OMAN (Sydney, D 2-
2)
Luke WILKSHIRE
75%
26/
3/
2013 vs OMAN (Sydney, D 2-
2)
Robbie KRUSE
75%
26/
3/
2013 vs OMAN (Sydney, D 2-
2)
Archie THOMPSON [SUB]
75%
4/
6/
2013 vs JAPAN (Saitama, D 1-
1)
Mark MILLIGAN
75%
4/
6/
2013 vs JAPAN (Saitama, D 1-
1)
Luke WILKSHIRE
75%
4/
6/
2013 vs JAPAN (Saitama, D 1-
1)
Robbie KRUSE
75%
4/
6/
2013 vs JAPAN (Saitama, D 1-
1)
Archie THOMPSON [SUB]
75%
11/
6/
2013 vs JORDAN (Melbourne, W 4-
0)
Mark MILLIGAN
75%
11/
6/
2013 vs JORDAN (Melbourne, W 4-
0)
Luke WILKSHIRE
75%
11/
6/
2013 vs JORDAN (Melbourne, W 4-
0)
Robbie KRUSE
75%
11/
6/
2013 vs JORDAN (Melbourne, W 4-
0)
Archie THOMPSON [SUB]
75%
18/
6/
2013 vs IRAQ (Sydney, W 1-
0)
Mark MILLIGAN
75%
18/
6/
2013 vs IRAQ (Sydney, W 1-
0)
Robbie KRUSE
75%
18/
6/
2013 vs IRAQ (Sydney, W 1-
0)
Luke WILKSHIRE
75%
18/
6/
2013 vs IRAQ (Sydney, W 1-
0)
Josh KENNEDY [SUB]
75%
18/
6/
2013 vs IRAQ (Sydney, W 1-
0)
Archie THOMPSON [SUB]
75%
2/
9/
2011 vs THAILAND (Brisbane, W 2-
1)
Brett EMERTON
68.8%
2/
9/
2011 vs THAILAND (Brisbane, W 2-
1)
Brett HOLMAN
68.8%
2/
9/
2011 vs THAILAND (Brisbane, W 2-
1)
Matt McKAY
68.8%
6/
9/
2011 vs SAUDI ARABIA (Dammam, W 3-
1)
Brett EMERTON
68.8%
6/
9/
2011 vs SAUDI ARABIA (Dammam, W 3-
1)
Brett HOLMAN
68.8%
6/
9/
2011 vs SAUDI ARABIA (Dammam, W 3-
1)
Matt McKAY
68.8%
11/
10/
2011 vs OMAN (Sydney, W 3-
0)
Brett HOLMAN
68.8%
11/
10/
2011 vs OMAN (Sydney, W 3-
0)
Matt McKAY
68.8%
11/
11/
2011 vs OMAN (Muscat, L 1-
0)
Brett HOLMAN
68.8%
11/
11/
2011 vs OMAN (Muscat, L 1-
0)
Matt McKAY
68.8%
11/
11/
2011 vs OMAN (Muscat, L 1-
0)
Brett EMERTON [SUB]
68.8%
15/
11/
2011 vs THAILAND (Bangkok, W 1-
0)
Brett EMERTON
68.8%
15/
11/
2011 vs THAILAND (Bangkok, W 1-
0)
Brett HOLMAN
68.8%
15/
11/
2011 vs THAILAND (Bangkok, W 1-
0)
Matt McKAY
68.8%
29/
2/
2012 vs SAUDI ARABIA (Melbourne, W 4-
2)
Brett EMERTON
68.8%
8/
6/
2012 vs OMAN (Muscat, D 0-
0)
Matt McKAY
68.8%
12/
6/
2012 vs JAPAN (Brisbane, D 1-
1)
Matt McKAY
68.8%
11/
9/
2012 vs JORDAN (Amman, L 1-
2)
Brett HOLMAN
68.8%
11/
9/
2012 vs JORDAN (Amman, L 1-
2)
Matt McKAY
68.8%
MATCH
PLAYER
% Correct
16/
10/
2012 vs IRAQ (Doha, W 2-
1)
Brett HOLMAN
68.8%
16/
10/
2012 vs IRAQ (Doha, W 2-
1)
Matt McKAY
68.8%
26/
3/
2013 vs OMAN (Sydney, D 2-
2)
Brett HOLMAN
68.8%
26/
3/
2013 vs OMAN (Sydney, D 2-
2)
Matt McKAY
68.8%
4/
6/
2013 vs JAPAN (Saitama, D 1-
1)
Brett HOLMAN
68.8%
4/
6/
2013 vs JAPAN (Saitama, D 1-
1)
Matt McKAY
68.8%
11/
6/
2013 vs JORDAN (Melbourne, W 4-
0)
Brett HOLMAN
68.8%
11/
6/
2013 vs JORDAN (Melbourne, W 4-
0)
Matt McKAY
68.8%
18/
6/
2013 vs IRAQ (Sydney, W 1-
0)
Brett HOLMAN
68.8%
18/
6/
2013 vs IRAQ (Sydney, W 1-
0)
Matt McKAY
68.8%
2/
9/
2011 vs THAILAND (Brisbane, W 2-
1)
Carl VALERI
62.5%
6/
9/
2011 vs SAUDI ARABIA (Dammam, W 3-
1)
Carl VALERI
62.5%
11/
10/
2011 vs OMAN (Sydney, W 3-
0)
Rhys WILLIAMS
62.5%
11/
10/
2011 vs OMAN (Sydney, W 3-
0)
Carl VALERI
62.5%
11/
11/
2011 vs OMAN (Muscat, L 1-
0)
Rhys WILLIAMS
62.5%
11/
11/
2011 vs OMAN (Muscat, L 1-
0)
Carl VALERI
62.5%
15/
11/
2011 vs THAILAND (Bangkok, W 1-
0)
Carl VALERI
62.5%
29/
2/
2012 vs SAUDI ARABIA (Melbourne, W 4-
2)
David CARNEY [SUB]
62.5%
8/
6/
2012 vs OMAN (Muscat, D 0-
0)
David CARNEY
62.5%
8/
6/
2012 vs OMAN (Muscat, D 0-
0)
Carl VALERI
62.5%
12/
6/
2012 vs JAPAN (Brisbane, D 1-
1)
David CARNEY
62.5%
12/
6/
2012 vs JAPAN (Brisbane, D 1-
1)
Carl VALERI
62.5%
11/
9/
2012 vs JORDAN (Amman, L 1-
2)
David CARNEY
62.5%
16/
10/
2012 vs IRAQ (Doha, W 2-
1)
Carl VALERI
62.5%
6/
9/
2011 vs SAUDI ARABIA (Dammam, W 3-
1)
Sasa OGNENOVSKI
56.3%
29/
2/
2012 vs SAUDI ARABIA (Melbourne, W 4-
2)
Sasa OGNENOVSKI
56.3%
8/
6/
2012 vs OMAN (Muscat, D 0-
0)
Sasa OGNENOVSKI
56.3%
12/
6/
2012 vs JAPAN (Brisbane, D 1-
1)
Sasa OGNENOVSKI
56.3%
11/
9/
2012 vs JORDAN (Amman, L 1-
2)
Sasa OGNENOVSKI
56.3%
4/
6/
2013 vs JAPAN (Saitama, D 1-
1)
Sasa OGNENOVSKI
56.3%
11/
6/
2013 vs JORDAN (Melbourne, W 4-
0)
Sasa OGNENOVSKI
56.3%
18/
6/
2013 vs IRAQ (Sydney, W 1-
0)
Sasa OGNENOVSKI
56.3%
2/
9/
2011 vs THAILAND (Brisbane, W 2-
1)
Alex BROSQUE [SUB]
50%
11/
10/
2011 vs OMAN (Sydney, W 3-
0)
Adam FEDERICI
50%
11/
10/
2011 vs OMAN (Sydney, W 3-
0)
Alex BROSQUE [SUB]
50%
15/
11/
2011 vs THAILAND (Bangkok, W 1-
0)
Alex BROSQUE [SUB]
50%
29/
2/
2012 vs SAUDI ARABIA (Melbourne, W 4-
2)
Alex BROSQUE
50%
8/
6/
2012 vs OMAN (Muscat, D 0-
0)
Alex BROSQUE
50%
12/
6/
2012 vs JAPAN (Brisbane, D 1-
1)
Alex BROSQUE
50%
11/
9/
2012 vs JORDAN (Amman, L 1-
2)
Alex BROSQUE
50%
16/
10/
2012 vs IRAQ (Doha, W 2-
1)
Alex BROSQUE
50%
26/
3/
2013 vs OMAN (Sydney, D 2-
2)
Alex BROSQUE
50%
11/
6/
2013 vs JORDAN (Melbourne, W 4-
0)
Tommy ROGIC [SUB]
50%
18/
6/
2013 vs IRAQ (Sydney, W 1-
0)
Tommy ROGIC [SUB]
50%
4/
6/
2013 vs JAPAN (Saitama, D 1-
1)
Dario VIDOSIC [SUB]
43.8%
11/
6/
2013 vs JORDAN (Melbourne, W 4-
0)
Dario VIDOSIC [SUB]
43.8%
2/
9/
2011 vs THAILAND (Brisbane, W 2-
1)
James TROISI [SUB]
37.5%
29/
2/
2012 vs SAUDI ARABIA (Melbourne, W 4-
2)
James TROISI
37.5%
16/
10/
2012 vs IRAQ (Doha, W 2-
1)
James HOLLAND [SUB]
37.5%
26/
3/
2013 vs OMAN (Sydney, D 2-
2)
James HOLLAND
37.5%
26/
3/
2013 vs OMAN (Sydney, D 2-
2)
Robert CORNTHWAITE
37.5%
29/
2/
2012 vs SAUDI ARABIA (Melbourne, W 4-
2)
Jade NORTH
31.3%
8/
6/
2012 vs OMAN (Muscat, D 0-
0)
Jade NORTH
31.3%
12/
6/
2012 vs JAPAN (Brisbane, D 1-
1)
Jade NORTH
31.3%
26/
3/
2013 vs OMAN (Sydney, D 2-
2)
Michael THWAITE
31.3%
2/
9/
2011 vs THAILAND (Brisbane, W 2-
1)
Neil KILKENNY
25%
6/
9/
2011 vs SAUDI ARABIA (Dammam, W 3-
1)
Michael ZULLO
25%
11/
10/
2011 vs OMAN (Sydney, W 3-
0)
Michael ZULLO
25%
11/
10/
2011 vs OMAN (Sydney, W 3-
0)
Neil KILKENNY [SUB]
25%
15/
11/
2011 vs THAILAND (Bangkok, W 1-
0)
Michael ZULLO
25%
15/
11/
2011 vs THAILAND (Bangkok, W 1-
0)
Neil KILKENNY [SUB]
25%
12/
6/
2012 vs JAPAN (Brisbane, D 1-
1)
Nikita RUKAVYTSYA [SUB]
25%
29/
2/
2012 vs SAUDI ARABIA (Melbourne, W 4-
2)
Nick CARLE [SUB]
18.8%
Quiz Playlist
Details
Report
Send in Message
Add To Playlist
More Info:
Australian lineups for each match in Asian zone qualifying prior to the 2014 FIFA World Cup. Unsused substitutes are NOT included.
Classic:
Type in answers that appear in a list
Quiz Source
Last Updated: Feb 16, 2017
Quiz Scoreboard
CHALLENGE
Sign Up to Join the Scoreboard
Show All
Scores
Hide
Comments
May contain spoilers
Recently Published
9x9 Crossword: Cartoon Network
by jackfrog10
Miscellaneous
3m
College Basketball Coaching Resumes
by pancakes188
Sports
9m
Billboard Blitz: Fleetwood Mac
by CooCooCachoo
Music
15s
More to Explore
Quiz From the Vault
Featured Blog Post
Where Did the Easter Bunny Come From?
hide this ad
You Might Also Like...
Tags
World Quiz
2014
Australia
cup
Cup Qualifying
Player
Qualifying
Today's Top Quizzes in Sports
Browse Sports
hide this ad
Today's Top Quizzes in World
Browse World
Top Contributed Quizzes in Sports
1
2022 World Cup Stars
2
Les meilleurs buteurs des matchs entre le PSG et l’OM
3
FIFA Club World Cup Champions
4
Les entraîneurs de l'OM et du PSG au 21e siècle
5
Criteria MLB: Left Handed Sluggers
6
AFC Teams Reveal (Wrong Answers Minefield)
7
2023 MLB Unique Player Accomplishments
8
Players with Multiple 50 Home Run Seasons
9
5-to-1: FBS Animal Nicknames
10
5-to-1: UK Sports Teams
Explore More
Trending Topics
Harry Potter
Marvel
Crossword
Disney
NBA
Kpop
Anime
Song
Soccer
Country
Puzzle
NFL
The Office
WWE
Pokémon
hide this ad
More By:
stmookeyj
Quiz
Plays
Rating
Category
Featured
Created
CRICKET: ASHES PLAYERS (2000-2009)
8,132
4.68
Sports
Nov 22, 2010
Australian Test Cricketers (2000's)
5,298
4.25
Sports
Dec 1, 2009
FIRST TEST XI's IN AUSTRALIA (CRICKET) 2000/01-2012/13
3,416
5.00
Sports
Oct 30, 2013
NEW ZEALAND TEST CRICKETERS (2000's)
2,948
4.38
Sports
Jan 27, 2010
1992 CRICKET WORLD CUP SQUADS
2,505
4.37
Sports
Feb 14, 2010
Go to Creator's Profile
Score Distribution
Quiz Creator Spotlight
stmookeyj
Follow
Send a Message
Quizzes Created
-
Created Quiz Play Count
-
More By This Creator
Popular Quizzes Today
1
Find the US States - No Outlines Minefield
2
Find the Countries of Europe - No Outlines Minefield
3
The Countries of the World
4
Find the US States
5
Risky Map Clicking: Biggest States A-Z
6
US States
7
Popular People in 1961
8
Movies - When Are They Set?
More Sports Quizzes
India - 50 Best Bowling Performances in Test Cricket
Quiz Lab
Trending Quizzes
Risky Map Clicking: Least Populous States A-Z
1-10 Letter G Words
1-10 Letter F Words
Risky Map Clicking: Next State Alphabetically
Adjectives in 80s TV Shows
Recently Updated
Leaping Animals
pecheneg
Reality TV Shows (A-Z)
bhenderson79
Rickey Henderson's Hall of Fame Teammates
pecheneg
Champions League XIs: Arsenal
pecheneg
Quick Pick: Celebrities in WWE's Hall of Fame
aduchscher
A-Z Keypad Blitz II
pecheneg
Multiple Oscar Actors
pecheneg
Mystery Phrase Blitz: Oscar 'Best Actors'
pecheneg
F. Scott Fitzgerald Novels
LTH
Pick 3 Villains
ddd62291
Trending Topics
Anime
Marvel
Crossword
Harry Potter
Kpop
NBA
Disney
WWE
Country
NFL
Pokémon
Puzzle
Song
The Office
Soccer
Your Account Isn't Verified!
In order to create a playlist on Sporcle, you need to verify the email address you used during registration. Go to your
Sporcle Settings
to finish the process.
Report this User
Report this user for behavior that violates our
Community Guidelines
.
Details:
Send Report
Go to the Sporcle.com Mobile Site →
Comments